[Event "European Blitz 2016"]
[Site "Tallinn EST"]
[Date "2016.12.18"]
[Round "23.12"]
[White "Bortnyk, Olexandr"]
[Black "Neiksans, Arturs"]
[Result "1-0"]
[WhiteTitle "GM"]
[BlackTitle "GM"]
[WhiteElo "2581"]
[BlackElo "2631"]
[WhiteFideId "14120828"]
[BlackFideId "11601388"]
[EventDate "2016.12.17"]

1. d4 Nf6 2. Nc3 d5 3. Bf4 Bf5 4. f3 h6 5. g4 Bh7 6. e3 e6 7. Bd3 Bxd3 8. Qxd3
a6 9. h4 c5 10. Nge2 Nc6 11. O-O-O c4 12. Qd2 b5 13. g5 Nh5 14. g6 fxg6 15. Rdg1
Qd7 16. Rxg6 O-O-O 17. e4 Kb7 18. exd5 exd5 19. Be5 b4 20. Nd1 Qf5 21. Rhg1 Nxe5
22. dxe5 Bc5 23. Nd4 Qxe5 24. Nc6 Qf5 25. Nxd8+ Rxd8 26. R1g4 Re8 27. a4 a5 28.
Kb1 Qxf3 29. Rg2 Re7 30. Ka2 Nf4 31. R2g3 Qe4 32. R3g4 Qe5 33. Qxf4 b3+ 34. cxb3
cxb3+ 35. Kxb3 1-0

[Event "European Blitz 2016"]
[Site "Tallinn EST"]
[Date "2016.12.18"]
[Round "23.13"]
[White "Andriasian, Zaven"]
[Black "Motylev, Alexander"]
[Result "1-0"]
[WhiteTitle "GM"]
[BlackTitle "GM"]
[WhiteElo "2621"]
[BlackElo "2663"]
[WhiteFideId "13302000"]
[BlackFideId "4121830"]
[EventDate "2016.12.17"]

1. e4 c6 2. d3 d5 3. Nd2 e5 4. Ngf3 Bd6 5. g3 Nf6 6. Bg2 O-O 7. O-O Re8 8. Re1
Nbd7 9. b3 a5 10. a3 d4 11. Rf1 a4 12. b4 b5 13. Nh4 c5 14. Nf5 Bf8 15. bxc5
Bxc5 16. Nf3 Qc7 17. N3h4 b4 18. f4 bxa3 19. g4 Nf8 20. g5 N6d7 21. Nxg7 Kxg7
22. f5 Ra6 23. Qh5 Kg8 24. Rf3 Bb4 25. f6 Ng6 26. Nf5 Ndf8 27. Qh6 Ne6 28. Rh3
Ngf8 29. Ng7 Qc3 30. Nxe6 1-0

[Event "European Blitz 2016"]
[Site "Tallinn EST"]
[Date "2016.12.18"]
[Round "23.14"]
[White "Chigaev, Maksim"]
[Black "Alekseev, Evgeny"]
[Result "0-1"]
[WhiteTitle "GM"]
[BlackTitle "GM"]
[WhiteElo "2531"]
[BlackElo "2632"]
[WhiteFideId "4108116"]
[BlackFideId "4138147"]
[EventDate "2016.12.17"]

1. e4 c5 2. Nc3 e6 3. Nge2 Nc6 4. d4 cxd4 5. Nxd4 a6 6. f4 Qc7 7. Nxc6 bxc6 8.
Bd3 d5 9. O-O Nf6 10. Kh1 Be7 11. Qe2 O-O 12. b3 Bb4 13. Bb2 Bxc3 14. Bxc3 Nxe4
15. Bxe4 dxe4 16. Be5 Qb6 17. Qxe4 Bb7 18. Rad1 c5 19. Qe3 Rad8 20. c4 f6 21.
Bc3 Qc6 22. Qg3 Kf7 23. h3 Qe4 24. Ba5 Rd4 25. Rde1 Rd3 26. Rxe4 Rxg3 27. Re2
Rxh3+ 28. Kg1 Rd3 29. Bb6 Rc8 30. Rfe1 Rc6 31. Ba5 h5 32. Re3 Rd4 33. Rf3 Rcd6
34. Rf2 Kg6 35. Bc3 Rd3 36. Bb2 Kf5 37. Ba3 Rc6 38. Kh2 Rc7 39. Rfe2 Bc8 40. Re3
Rxe3 41. Rxe3 Kxf4 42. Rd3 Kf5 43. Rd8 g5 44. Kg1 h4 45. Kf2 Ke4 46. Rf8 Kf5 47.
Rd8 Bb7 48. Bb2 e5 49. Ba3 Kg4 50. Rd6 f5 51. Re6 e4 52. Re5 f4 53. Bxc5 e3+ 54.
Ke1 Bxg2 55. Be7 Rxe7 56. Rxe7 h3 57. Rh7 Kg3 58. c5 f3 59. c6 f2+ 60. Ke2 f1=Q+ 0-1

[Event "European Blitz 2016"]
[Site "Tallinn EST"]
[Date "2016.12.18"]
[Round "23.15"]
[White "Kozul, Zdenko"]
[Black "Zelbel, Patrick"]
[Result "0-1"]
[WhiteTitle "GM"]
[BlackTitle "IM"]
[WhiteElo "2613"]
[BlackElo "2448"]
[WhiteFideId "14502879"]
[BlackFideId "24624322"]
[EventDate "2016.12.17"]

1. Nf3 c5 2. g3 Nc6 3. Bg2 g6 4. O-O Bg7 5. c3 e5 6. d3 Nge7 7. a3 a5 8. a4 O-O
9. Nbd2 d5 10. e4 h6 11. exd5 Nxd5 12. Nc4 Bf5 13. Re1 Re8 14. Bf1 e4 15. dxe4
Rxe4 16. Rxe4 Bxe4 17. Nfd2 Bf5 18. Bg2 Nde7 19. Ne3 Be6 20. Qe2 Qc7 21. Nec4
Rd8 22. Nf1 Bd5 23. Bf4 Qd7 24. Rd1 Bxc4 25. Rxd7 Bxe2 26. Rxb7 g5 27. Be3 c4
28. Bb6 Rd1 29. Bxa5 Nxa5 30. Rxe7 Bd3 31. f4 Nb3 32. Kf2 gxf4 33. gxf4 Bf6 34.
Re8+ Kg7 35. Bf3 Rxf1+ 36. Kg3 Nd2 37. Bd5 Rg1+ 38. Kf2 Rb1 39. a5 Rxb2 40. a6
Bxc3 41. Re7 Ne4+ 42. Ke3 Re2+ 43. Kf3 Nd2+ 0-1

[Event "European Blitz 2016"]
[Site "Tallinn EST"]
[Date "2016.12.18"]
[Round "23.16"]
[White "Zubritskiy, Artyom"]
[Black "Cvitan, Ognjen"]
[Result "1/2-1/2"]
[WhiteTitle "IM"]
[BlackTitle "GM"]
[WhiteElo "2442"]
[BlackElo "2491"]
[WhiteFideId "4181247"]
[BlackFideId "14500086"]
[EventDate "2016.12.17"]

1. d4 Nf6 2. c4 e6 3. g3 d5 4. Nf3 Be7 5. Bg2 O-O 6. O-O c5 7. cxd5 exd5 8. Bg5
h6 9. Bxf6 Bxf6 10. Nc3 cxd4 11. Nxd4 Nc6 12. e3 Nxd4 13. exd4 Be6 14. Qb3 Bxd4
15. Nxd5 Rb8 16. Rad1 Bc5 17. Qc2 Rc8 18. Nf4 Qb6 19. Nxe6 fxe6 20. Qe2 Bd4 21.
Rd2 Rcd8 22. Kh1 e5 23. Be4 Rd6 24. Kg2 g6 25. f3 h5 26. Rfd1 Kg7 27. Qc4 Rfd8
28. b3 Bg1 29. Qe2 Rxd2 30. Rxd2 Rxd2 31. Qxd2 Bd4 1/2-1/2

[Event "European Blitz 2016"]
[Site "Tallinn EST"]
[Date "2016.12.18"]
[Round "23.17"]
[White "Sychev, Klementy"]
[Black "Kobalia, Mikhail"]
[Result "1-0"]
[WhiteTitle "IM"]
[BlackTitle "GM"]
[WhiteElo "2453"]
[BlackElo "2628"]
[WhiteFideId "4114060"]
[BlackFideId "4119150"]
[EventDate "2016.12.17"]

1. d4 f5 2. Nf3 Nf6 3. Bg5 Ne4 4. Bf4 d6 5. Nbd2 Nf6 6. h3 e6 7. e3 Be7 8. Bd3
Nc6 9. c3 O-O 10. Qe2 d5 11. g4 Bd6 12. Ne5 Ne4 13. O-O-O Bd7 14. f3 Nxd2 15.
Qxd2 Be8 16. Rdg1 Kh8 17. Qg2 Qe7 18. h4 Nxe5 19. dxe5 Bc5 20. gxf5 exf5 21. h5
Bd7 22. Qg3 Rf7 23. Rh2 Rg8 24. Rhg2 Be6 25. Kb1 a5 26. Bg5 Qf8 27. h6 g6 28.
Bf6+ Rxf6 29. exf6 Qxf6 30. Qxc7 Bxe3 31. Re1 f4 32. Qxa5 Qh4 33. c4 Rd8 34.
Qc3+ d4 35. Qa5 Qf6 36. Qb6 Rf8 37. Qxb7 Bf5 38. Qb3 Qh4 39. Rge2 Qxh6 40. Bxf5
Rxf5 41. Qb8+ Rf8 42. Qe5+ Kg8 43. c5 Qh3 44. Qd5+ Kg7 45. c6 Qc8 46. Rc2 Rd8
47. Qe5+ Kg8 48. c7 Re8 49. Qxe8+ 1-0

[Event "European Blitz 2016"]
[Site "Tallinn EST"]
[Date "2016.12.18"]
[Round "23.18"]
[White "Rakhmanov, Aleksandr"]
[Black "Pavlidis, Antonios"]
[Result "0-1"]
[WhiteTitle "GM"]
[BlackTitle "GM"]
[WhiteElo "2667"]
[BlackElo "2532"]
[WhiteFideId "4173708"]
[BlackFideId "4212312"]
[EventDate "2016.12.17"]

1. c4 Nf6 2. Nc3 g6 3. g3 Bg7 4. Bg2 O-O 5. d3 d6 6. e3 e5 7. Nge2 Nc6 8. O-O
Be6 9. Nd5 a5 10. b3 Nd7 11. Bb2 h6 12. Qd2 f5 13. f4 Nc5 14. Ndc3 Bf7 15. d4
exd4 16. exd4 Nd7 17. d5 Nb4 18. Nb5 Nf6 19. Ned4 Ne4 20. Bxe4 fxe4 21. f5 c6
22. f6 Bxf6 23. Rxf6 Qxf6 24. Nxc6 e3 25. Bxf6 exd2 26. Ne7+ Kh7 27. Rd1 Bxd5
28. Nxd5 Nxd5 29. Bd4 Rae8 30. Rxd2 Re1+ 31. Kg2 Ne3+ 32. Bxe3 Rxe3 33. Nxd6 b6
34. Nb5 Rf7 35. Na3 Rfe7 36. Kf2 R3e5 37. Nc2 h5 38. h4 Rf7+ 39. Kg2 Rfe7 40.
Kf2 R5e6 41. Na3 Rf6+ 42. Kg2 Re3 43. Nc2 Rc3 44. Nd4 Rd6 45. Kf2 Rc1 46. Ke3
Re1+ 47. Kf3 Re7 48. a3 Rf6+ 49. Kg2 Rd7 50. Nf3 Rxd2+ 51. Nxd2 Rd6 52. Ne4 Rd3
53. c5 Rxb3 54. cxb6 Rxb6 0-1

[Event "European Blitz 2016"]
[Site "Tallinn EST"]
[Date "2016.12.18"]
[Round "23.19"]
[White "Martinovic, Sasa"]
[Black "Jankovic, Alojzije"]
[Result "0-1"]
[WhiteTitle "GM"]
[BlackTitle "GM"]
[WhiteElo "2550"]
[BlackElo "2591"]
[WhiteFideId "14509792"]
[BlackFideId "14505959"]
[EventDate "2016.12.17"]

1. d4 Nf6 2. Nf3 g6 3. g3 d5 4. Bg2 Bg7 5. O-O O-O 6. Nbd2 c6 7. c4 Bf5 8. b3 a5
9. e3 Nbd7 10. Qe2 Qb6 11. Ba3 Rfe8 12. h3 e5 13. dxe5 Nxe5 14. Nxe5 Rxe5 15.
Bb2 Ree8 16. cxd5 cxd5 17. g4 Bd7 18. Rfd1 d4 19. Nc4 Qa6 20. Rxd4 Bc6 21. Rd6
Ne4 22. Bxe4 Rxe4 23. Bxg7 Kxg7 24. Rad1 Kg8 25. Qb2 Rae8 26. Qf6 Qb5 27. Rd8
Re6 28. Qc3 Qg5 29. Rxe8+ Rxe8 30. Nxa5 Bf3 31. Rd2 Qh4 32. Qc7 Qxh3 33. Qh2
Qxg4+ 34. Qg3 Qh5 0-1

[Event "European Blitz 2016"]
[Site "Tallinn EST"]
[Date "2016.12.18"]
[Round "23.20"]
[White "Grandelius, Nils"]
[Black "Castellanos Rodriguez, Renier"]
[Result "1/2-1/2"]
[WhiteTitle "GM"]
[BlackTitle "IM"]
[WhiteElo "2643"]
[BlackElo "2491"]
[WhiteFideId "1710400"]
[BlackFideId "3404650"]
[EventDate "2016.12.17"]

1. d4 Nf6 2. Nc3 e6 3. e4 d5 4. exd5 exd5 5. Bg5 Be7 6. Qd2 c6 7. Bd3 Nbd7 8.
Nge2 O-O 9. O-O Re8 10. Ng3 Nf8 11. Rae1 Be6 12. Nce2 Ng6 13. h3 Nd7 14. Be3 Nf6
15. c3 a5 16. Kh1 a4 17. a3 Qc8 18. Ng1 b6 19. Re2 c5 20. f4 Nf8 21. Kh2 Bd6 22.
Nf3 Ne4 23. Nxe4 dxe4 24. Bxe4 Bc4 25. Bd3 cxd4 26. Nxd4 Ng6 27. Bxc4 Qxc4 28.
Rfe1 Rxe3 29. Rxe3 Bxf4+ 30. Kg1 Bxe3+ 31. Qxe3 Rf8 32. Re2 h6 33. Nf3 Nf4 34.
Rd2 Ne6 35. Qxb6 Qf4 36. Qf2 Rb8 37. Nd4 Qe4 38. Nxe6 Qxe6 39. Qf4 Re8 40. Kh2
Qb3 41. Qb4 Qe6 42. Rf2 Qe5+ 43. Qf4 Qxf4+ 44. Rxf4 Re2 45. Rb4 g5 46. Kg3 Kg7
47. Kf3 Rc2 48. g4 Kg6 49. c4 h5 50. Rb6+ f6 51. gxh5+ Kxh5 52. Rxf6 Rxc4 53.
Rb6 Rc2 54. Rb4 Rh2 55. Kg3 Rc2 56. Rb5 Kg6 57. Rb6+ Kh5 58. Rb4 Kg6 59. Kg4
Rg2+ 60. Kf3 Rh2 61. Rb6+ Kh5 62. Kg3 Rd2 63. Rb5 Rd3+ 64. Kg2 Rd2+ 65. Kg3 Rd3+
66. Kg2 Rd2+ 67. Kg1 Kh4 68. Rb4+ Kxh3 69. Rxa4 g4 70. Rc4 Rxb2 71. Rc1 Ra2 72.
Rb1 Rxa3 73. Rc1 g3 74. Rb1 Ra2 75. Rc1 Rg2+ 76. Kh1 Rf2 77. Ra1 Rf1+ 78. Rxf1
g2+ 1/2-1/2

[Event "European Blitz 2016"]
[Site "Tallinn EST"]
[Date "2016.12.18"]
[Round "23.21"]
[White "Onischuk, Vladimir"]
[Black "Ionov, Sergey"]
[Result "1-0"]
[WhiteTitle "GM"]
[BlackTitle "GM"]
[WhiteElo "2601"]
[BlackElo "2535"]
[WhiteFideId "14114038"]
[BlackFideId "4100875"]
[EventDate "2016.12.17"]

1. e4 c5 2. Nf3 e6 3. b3 d6 4. Bb2 Nf6 5. e5 dxe5 6. Nxe5 Be7 7. f4 O-O 8. Qf3
Qc7 9. Bd3 Bd7 10. Qh3 g6 11. O-O Nc6 12. Na3 Nd4 13. Nac4 Rad8 14. Rae1 Nh5 15.
Re3 Ng7 16. Nxd7 Qxd7 17. g4 Bf6 18. a4 Ne8 19. Qh6 Bg7 20. Qh4 Nc7 21. g5 Nd5
22. Rh3 h5 23. gxh6 Bf6 24. Qg4 Kh8 25. Ne5 Qc7 26. Re1 Rde8 27. h7 Bg7 28. Bxd4
cxd4 29. Qh4 Bf6 30. Qg4 Bg7 31. Rf3 Nf6 32. Qh4 Nd5 33. Rg3 Qe7 34. Qg4 Rd8 35.
Rf1 Qf6 36. Rh3 Ne7 37. Nf3 Nf5 38. Ng5 Rc8 39. Qf3 b6 40. Qb7 a5 41. Qxb6 Qd8
42. Qxd8 Rcxd8 43. Rb1 Bf6 44. b4 axb4 45. Rxb4 Kg7 46. a5 Rb8 47. Rxb8 Rxb8 48.
h8=Q+ Rxh8 49. Rxh8 Kxh8 50. a6 Bxg5 51. fxg5 1-0

[Event "European Blitz 2016"]
[Site "Tallinn EST"]
[Date "2016.12.18"]
[Round "23.22"]
[White "Munoz, Miguel"]
[Black "Sarana, Alexey"]
[Result "0-1"]
[WhiteTitle "GM"]
[BlackTitle "IM"]
[WhiteElo "2473"]
[BlackElo "2457"]
[WhiteFideId "3800229"]
[BlackFideId "24133795"]
[EventDate "2016.12.17"]

1. e4 e5 2. d4 exd4 3. Qxd4 Nc6 4. Qe3 g6 5. Nc3 Bg7 6. b3 Nd4 7. Qd2 Ne7 8. Bb2
O-O 9. O-O-O c5 10. h4 a5 11. h5 a4 12. hxg6 hxg6 13. Kb1 axb3 14. axb3 Qa5 15.
f4 d5 16. e5 Bf5 17. Bd3 b5 18. Bxf5 Nexf5 19. g4 Ng3 20. Rh3 Ne4 21. Nxe4 Qa2+
22. Kc1 dxe4 23. Qh2 Rfd8 24. Rf1 c4 25. f5 cxb3 26. c3 b4 27. e6 bxc3 28. exf7+
Kf8 29. Rh8+ Bxh8 30. Qxh8+ Ke7 31. Qe5+ Kf8 32. Qh8+ Ke7 33. Qe5+ Kxf7 34.
fxg6+ Kg8 0-1

[Event "European Blitz 2016"]
[Site "Tallinn EST"]
[Date "2016.12.18"]
[Round "23.23"]
[White "Zakhartsov, Vladimir"]
[Black "Zorko, Jure"]
[Result "0-1"]
[WhiteTitle "IM"]
[BlackTitle "IM"]
[WhiteElo "2453"]
[BlackElo "2454"]
[WhiteFideId "4145097"]
[BlackFideId "14604051"]
[EventDate "2016.12.17"]

1. e4 e5 2. Nf3 Nc6 3. Bb5 Nf6 4. O-O Nxe4 5. d4 Nd6 6. Bxc6 dxc6 7. dxe5 Nf5 8.
Qxd8+ Kxd8 9. h3 Ke8 10. g4 Ne7 11. Kg2 h5 12. Kg3 hxg4 13. hxg4 f5 14. exf6
gxf6 15. Nh4 Nd5 16. f4 Bd6 17. Kh3 Kf7 18. f5 Bd7 19. g5 fxg5 20. Bxg5 Rag8 21.
Rg1 Bxf5+ 0-1

[Event "European Blitz 2016"]
[Site "Tallinn EST"]
[Date "2016.12.18"]
[Round "23.24"]
[White "Ladva, Ottomar"]
[Black "Piorun, Kacper"]
[Result "1-0"]
[WhiteTitle "GM"]
[BlackTitle "GM"]
[WhiteElo "2510"]
[BlackElo "2657"]
[WhiteFideId "4500024"]
[BlackFideId "1130420"]
[EventDate "2016.12.17"]

1. Nf3 c5 2. c4 Nc6 3. Nc3 g6 4. e3 Bg7 5. d4 d6 6. Be2 Nf6 7. O-O O-O 8. b3
cxd4 9. exd4 d5 10. Be3 Be6 11. Rc1 Qa5 12. Qd2 Rfd8 13. Ng5 Bf5 14. cxd5 Nxd5
15. Nxd5 Qxd2 16. Bxd2 Rxd5 17. Bc4 Rxd4 18. Be3 Rxc4 19. bxc4 h6 20. Nf3 Rc8
21. Rfd1 Bb2 22. Rb1 Bxb1 23. Rxb1 Bg7 24. Rxb7 Na5 25. Rxe7 Nxc4 26. Bxa7 Ne5
27. Be3 Nc6 28. Rb7 Ra8 29. Rb6 Ne7 30. Rb7 Nd5 31. Ba7 Kh7 32. h3 Nf6 33. Rxf7
Rc8 34. Bd4 Rc6 35. Bxf6 Rxf6 36. Rxf6 Bxf6 37. Kf1 Kg8 38. Ke2 Kf7 39. Kd3 Ke6
40. Ke4 Kd6 41. g4 Bd8 42. Ne5 Bh4 43. f4 g5 44. Nf7+ Ke7 45. Nxh6 1-0

[Event "European Blitz 2016"]
[Site "Tallinn EST"]
[Date "2016.12.18"]
[Round "23.25"]
[White "Boe, Mads"]
[Black "Huzman, Alexander"]
[Result "1/2-1/2"]
[WhiteTitle "FM"]
[BlackTitle "GM"]
[WhiteElo "2321"]
[BlackElo "2557"]
[WhiteFideId "1401408"]
[BlackFideId "2803828"]
[EventDate "2016.12.17"]

1. d4 Nf6 2. Nf3 e6 3. Bf4 c5 4. c3 Nc6 5. e3 d5 6. Bd3 Bd6 7. Bg3 O-O 8. Nbd2
b6 9. Qe2 Bb7 10. dxc5 bxc5 11. e4 Be7 12. O-O Nh5 13. Rfe1 Nxg3 14. hxg3 Rb8
15. Rab1 g6 16. Red1 Bf6 17. Nf1 Bg7 18. Ne3 Ne7 19. exd5 exd5 20. Bc4 d4 21.
cxd4 cxd4 22. Nc2 Nf5 23. Bd3 Re8 24. Qf1 Qf6 25. Bxf5 Qxf5 26. Ncxd4 Qh5 27.
Nb5 Bxf3 28. gxf3 Qxb5 1/2-1/2

[Event "European Blitz 2016"]
[Site "Tallinn EST"]
[Date "2016.12.18"]
[Round "23.26"]
[White "Halkias, Stelios"]
[Black "Putka, Verners"]
[Result "0-1"]
[WhiteTitle "GM"]
[WhiteElo "2585"]
[BlackElo "2307"]
[WhiteFideId "4201809"]
[BlackFideId "11600659"]
[EventDate "2016.12.17"]

1. Nf3 Nf6 2. d4 e6 3. e3 b6 4. Bd3 Bb7 5. O-O c5 6. c4 cxd4 7. exd4 d6 8. Nc3
Be7 9. Qe2 O-O 10. b3 Nbd7 11. Bb2 a6 12. Rae1 Re8 13. Ng5 Nf8 14. f4 d5 15. Kh1
dxc4 16. bxc4 Qd7 17. a4 Bb4 18. Rd1 Bxc3 19. Bxc3 Qxa4 20. Qb2 Qc6 21. d5 exd5
22. cxd5 Nxd5 23. Bxg7 Ne3 24. Rg1 Nxd1 25. Rxd1 Qxg2+ 26. Qxg2 Bxg2+ 27. Kxg2
Kxg7 28. Rg1 Ng6 29. Kf2 h6 30. Nxf7 Kxf7 31. Bxg6+ Kf6 32. Bxe8 Rxe8 33. Rc1 b5
34. Rc5 Re6 35. Kf3 Rb6 36. Rc8 b4 37. Rf8+ Kg7 38. Rc8 b3 39. Rc1 b2 40. Rb1 a5
41. Ke4 a4 42. Kd4 0-1

[Event "European Blitz 2016"]
[Site "Tallinn EST"]
[Date "2016.12.18"]
[Round "23.27"]
[White "Reprintsev, Alexander"]
[Black "Kovalenko, Igor"]
[Result "0-1"]
[WhiteTitle "IM"]
[BlackTitle "GM"]
[WhiteElo "2321"]
[BlackElo "2684"]
[WhiteFideId "14100541"]
[BlackFideId "14117908"]
[EventDate "2016.12.17"]

1. e4 c6 2. b3 d5 3. Qe2 dxe4 4. Nc3 Nf6 5. Nxe4 Bf5 6. Nxf6+ gxf6 7. Bb2 Nd7 8.
O-O-O Qa5 9. Kb1 e6 10. g4 Bg6 11. f4 O-O-O 12. h4 h5 13. f5 exf5 14. g5 Ba3 15.
Bxa3 Qxa3 16. Nf3 Rhe8 17. Qf2 Nc5 18. d3 Re4 19. d4 Re3 20. Bd3 Nxd3 21. Rxd3
Rxd3 22. cxd3 f4 23. Rd1 Qa6 24. Qe2 fxg5 25. Nxg5 Rxd4 26. Ne4 Rxe4 0-1

[Event "European Blitz 2016"]
[Site "Tallinn EST"]
[Date "2016.12.18"]
[Round "23.28"]
[White "Potapov, Pavel"]
[Black "Turov, Maxim"]
[Result "0-1"]
[WhiteTitle "GM"]
[BlackTitle "GM"]
[WhiteElo "2493"]
[BlackElo "2594"]
[WhiteFideId "4169786"]
[BlackFideId "4120086"]
[EventDate "2016.12.17"]

1. e4 c6 2. d4 d5 3. exd5 cxd5 4. Bd3 Nc6 5. c3 Qc7 6. h3 g6 7. Nf3 Bg7 8. O-O
Bf5 9. Bxf5 gxf5 10. Na3 Nf6 11. Nc2 e6 12. Nce1 O-O 13. Nd3 Ne7 14. Bf4 Qd8 15.
Nfe5 Ng6 16. Bg5 Qc7 17. Bxf6 Bxf6 18. f4 Kh8 19. Kh1 Rg8 20. g4 fxg4 21. hxg4
Rg7 22. Nxg6+ Rxg6 23. Rf2 Rag8 24. Rg2 Be7 25. Qf3 Bd6 26. Rag1 f6 27. Rh2 Qg7
28. Rh4 Rh6 29. Qh3 Rxh4 30. Qxh4 Qg6 31. Qh3 Qe4+ 32. Rg2 Bxf4 33. Nc5 Qe1+ 34.
Rg1 Qe2 35. Rg2 Qf1+ 0-1

[Event "European Blitz 2016"]
[Site "Tallinn EST"]
[Date "2016.12.18"]
[Round "23.29"]
[White "Zagorskis, Darius"]
[Black "Grigoriants, Sergey"]
[Result "1/2-1/2"]
[WhiteTitle "GM"]
[BlackTitle "GM"]
[WhiteElo "2469"]
[BlackElo "2563"]
[WhiteFideId "12800120"]
[BlackFideId "4130804"]
[EventDate "2016.12.17"]

1. Nf3 d5 2. g3 g6 3. Bg2 Bg7 4. O-O c5 5. d4 cxd4 6. Nxd4 Nf6 7. Nb3 O-O 8. Nc3
e6 9. e4 dxe4 10. Nxe4 Nxe4 11. Bxe4 Qc7 12. c3 Nd7 13. Be3 Nf6 14. Bg2 Rd8 15.
Qe2 Nd5 16. Rfd1 a5 17. Bd4 e5 18. Bxe5 Qxe5 19. Qxe5 Bxe5 20. Bxd5 a4 21. Nc5
Ra5 22. Bxb7 Rxd1+ 23. Rxd1 Bxb7 24. Nxb7 Rb5 25. Nd6 Bxd6 26. Rxd6 Rxb2 27. Ra6
Rxa2 28. c4 Kf8 29. Ra7 a3 30. c5 Ke8 31. c6 Rc2 32. Rxa3 Rxc6 1/2-1/2

[Event "European Blitz 2016"]
[Site "Tallinn EST"]
[Date "2016.12.18"]
[Round "23.30"]
[White "Kanep, Meelis"]
[Black "Ruck, Robert"]
[Result "0-1"]
[WhiteTitle "GM"]
[BlackTitle "GM"]
[WhiteElo "2485"]
[BlackElo "2561"]
[WhiteFideId "4501047"]
[BlackFideId "705713"]
[EventDate "2016.12.17"]

1. d4 d6 2. e4 Nf6 3. Nc3 e5 4. Nf3 Nbd7 5. Bc4 Be7 6. O-O O-O 7. Re1 c6 8. a4
b6 9. b3 a6 10. Bb2 Bb7 11. d5 cxd5 12. Nxd5 Nc5 13. Nxf6+ Bxf6 14. Bd5 Qd7 15.
c4 Bxd5 16. cxd5 b5 17. a5 Rac8 18. Ba3 Rc7 19. Bb4 Rfc8 20. h3 Bd8 21. Re3 f5
22. exf5 Qxf5 23. Nd2 Bg5 24. Rf3 Qg6 25. Rg3 Qh6 26. Bxc5 Rxc5 27. Nf1 Bf4 28.
Rd3 e4 29. Rd4 Be5 30. Rxe4 Bxa1 31. Qxa1 Rc1 32. Qd4 Rb1 0-1

[Event "European Blitz 2016"]
[Site "Tallinn EST"]
[Date "2016.12.18"]
[Round "23.31"]
[White "Lobanov, Sergei"]
[Black "Jussupow, Artur"]
[Result "1-0"]
[BlackTitle "GM"]
[WhiteElo "2429"]
[BlackElo "2585"]
[WhiteFideId "24183750"]
[BlackFideId "4618777"]
[EventDate "2016.12.17"]

1. e4 e5 2. Nf3 Nf6 3. d4 Nxe4 4. dxe5 d5 5. Nc3 Bb4 6. Bd2 Nxd2 7. Qxd2 Nc6 8.
a3 Bxc3 9. Qxc3 Bg4 10. Bb5 O-O 11. Bxc6 bxc6 12. O-O-O Bxf3 13. gxf3 Qd7 14.
Rhg1 Rab8 15. Rxg7+ Kxg7 16. e6+ d4 17. Rxd4 Qxd4 18. Qxd4+ Kg6 19. e7 Rfe8 20.
Qd7 Kf6 21. Qxc6+ Kxe7 22. Qxc7+ Kf6 23. Qxa7 Re1+ 24. Kd2 Rbe8 25. Qd4+ Kg6 26.
b4 Rb1 27. Qg4+ Kf6 28. Kc3 Ra8 29. Qd4+ 1-0

[Event "European Blitz 2016"]
[Site "Tallinn EST"]
[Date "2016.12.18"]
[Round "23.32"]
[White "Troyke, Christian"]
[Black "Meskovs, Nikita"]
[Result "0-1"]
[WhiteTitle "IM"]
[BlackTitle "IM"]
[WhiteElo "2347"]
[BlackElo "2489"]
[WhiteFideId "4616278"]
[BlackFideId "11602740"]
[EventDate "2016.12.17"]

1. g3 d5 2. Nf3 Nf6 3. Bg2 e6 4. O-O Be7 5. c4 O-O 6. d4 b6 7. Nc3 Bb7 8. Ne5
Nbd7 9. Qa4 c5 10. Nxd7 Nxd7 11. cxd5 cxd4 12. dxe6 Bxg2 13. Kxg2 Nc5 14. exf7+
Rxf7 15. Qc4 dxc3 16. b4 b5 17. Qxb5 Ne6 18. Be3 Bf6 19. Rad1 Qb8 20. Qc4 Qc8
21. Qb3 Qc6+ 22. Kg1 Rc8 23. b5 Qe4 24. Rd6 Nf8 25. a4 Qc4 26. Qc2 Be5 27. Ra6
Rcc7 28. Rd1 Rfd7 29. Rxd7 Rxd7 30. Rxa7 Rd5 31. b6 Qb4 32. a5 Qb2 33. Qe4 Qa2
34. b7 c2 35. Qxe5 Qb1+ 36. Kg2 Rxe5 37. a6 Rxe3 38. Ra8 Rb3 39. Rc8 Rxb7 40.
axb7 Qxb7+ 0-1

[Event "European Blitz 2016"]
[Site "Tallinn EST"]
[Date "2016.12.18"]
[Round "24.1"]
[White "Andreikin, Dmitry"]
[Black "Ponkratov, Pavel"]
[Result "1-0"]
[WhiteTitle "GM"]
[BlackTitle "GM"]
[WhiteElo "2737"]
[BlackElo "2607"]
[WhiteFideId "4158814"]
[BlackFideId "4157800"]
[EventDate "2016.12.17"]

1. d4 Nf6 2. c4 c5 3. Nf3 cxd4 4. Nxd4 Nc6 5. Nc3 e6 6. Bg5 Qa5 7. Bxf6 gxf6 8.
e3 a6 9. a3 f5 10. g3 Bg7 11. Bg2 Qb6 12. Na4 Qc7 13. O-O d6 14. Rc1 Bd7 15. c5
Nxd4 16. exd4 O-O 17. d5 Bxa4 18. Qxa4 dxc5 19. dxe6 fxe6 20. Qc4 Rac8 21. b4 b6
22. Qxe6+ Kh8 23. bxc5 bxc5 24. Qxa6 f4 25. Qb7 Qa5 26. Rce1 Rc7 27. Qd5 Qxa3
28. Qd6 Qa7 29. Ra1 Qb8 30. Ra8 Qxa8 31. Bxa8 Rcf7 32. Bd5 Rf5 33. Qxc5 Rd8 34.
Rd1 h6 35. Qc6 Rf6 36. Qa4 fxg3 37. hxg3 Rfd6 38. Bf3 Rxd1+ 39. Bxd1 Rf8 40. Kg2
Rf6 41. Bc2 1-0

[Event "European Blitz 2016"]
[Site "Tallinn EST"]
[Date "2016.12.18"]
[Round "24.2"]
[White "Mamedov, Rauf"]
[Black "Bologan, Victor"]
[Result "1-0"]
[WhiteTitle "GM"]
[BlackTitle "GM"]
[WhiteElo "2688"]
[BlackElo "2640"]
[WhiteFideId "13401653"]
[BlackFideId "13900048"]
[EventDate "2016.12.17"]

1. e4 c5 2. Nc3 d6 3. Nf3 Nf6 4. e5 dxe5 5. Nxe5 g6 6. Bc4 e6 7. Bb5+ Bd7 8. Qf3
Nc6 9. Bxc6 bxc6 10. Ne4 Be7 11. d3 h6 12. Be3 Rh7 13. Nxc5 Qa5+ 14. c3 Bxc5 15.
Nc4 Qb5 16. a4 Qb8 17. Bxc5 Nd5 18. Nd6+ Kf8 19. c4 Ne7 20. Qf6 Qd8 21. Nxf7 1-0

[Event "European Blitz 2016"]
[Site "Tallinn EST"]
[Date "2016.12.18"]
[Round "24.3"]
[White "Zhigalko, Sergei"]
[Black "Movsesian, Sergei"]
[Result "1-0"]
[WhiteTitle "GM"]
[BlackTitle "GM"]
[WhiteElo "2671"]
[BlackElo "2673"]
[WhiteFideId "13502956"]
[BlackFideId "310204"]
[EventDate "2016.12.17"]

1. e4 c5 2. c3 Nf6 3. e5 Nd5 4. Nf3 d6 5. Bc4 e6 6. d4 cxd4 7. cxd4 Be7 8. O-O
O-O 9. Bd2 Bd7 10. Qe2 Bc6 11. Nc3 Nxc3 12. Bxc3 Nd7 13. Bd3 Bd5 14. Nd2 dxe5
15. dxe5 Nc5 16. Bc2 Rc8 17. a3 Qb6 18. Qg4 Rfd8 19. Rfe1 Nd7 20. h4 Bc5 21. Re2
Nf8 22. h5 Bc6 23. Nc4 Qa6 24. Nd6 Rc7 25. b4 Bb5 26. Nxb5 Qxb5 27. bxc5 Rxc5
28. Bb4 Rc4 29. Qf3 Rcd4 30. h6 Ng6 31. Bxg6 hxg6 32. hxg7 Rh4 33. Be7 Rd3 34.
Re3 Rxe3 35. Qxe3 Rh5 36. Bf6 Qc4 37. Rc1 1-0